Kriptonita en el bolso /

Guardado en:
Bibliografiske detaljer
Hovedforfatter: Cotroneo, Ivan (autor)
Format: Bog
Sprog:spansk
Udgivet: Barcelona, España : Libros del Silencio, 2010, c2010
Serier:(Miradas Libros del Silencio)
Fag:
Tags: Tilføj Tag
Ingen Tags, Vær først til at tagge denne postø!

MARC

LEADER 00000nam^a2200000^a^4500
001 000368930
005 20250521000000.0
009 20260526142251.321
020 |a 978-84-937559-4-2 
037 |a Acervo ITESO - Biblioteca 
041 |a ESP 
082 |a 853.  |b COT 
100 |a Cotroneo, Ivan  |e (autor) 
245 1 0 |a Kriptonita en el bolso /  |c I. Cotroneo ; tr. por Raquel Marqués. 
264 4 |a Barcelona, España :  |b Libros del Silencio,  |c 2010, c2010 
300 |a 210 p. 
336 |a texto  |b txt  |2 rdacontenido 
337 |a sin mediación  |b n  |2 rdamedio 
338 |a volumen  |b nc  |2 rdasoporte 
440 1 |a (Miradas Libros del Silencio) 
500 |a Traducción de: La Kryptonite nella borsa 
649 |a XX 
650 |a Niños en la Literatura 
650 |a Novela de Iniciación -  |z Italia 
650 |a Novela Italiana 
650 |a Literatura Gay y Lésbica -  |z Italia 
650 |a Literatura Italiana -  |y Siglo XXI 
650 |a Nápoles, Italia en la Literatura 
910 |a Fondo General 
920 |a Impresos - Libros 
930 |a Colección General 
940 |a Literatura 
905 |a 101 
901 |a 0500262212  |b IT1  |c LIT  |i C148938  |u 20250521 
902 |a https://opac.biblio.iteso.mx/vufind/Record/000368930